000
00343nam a2200145Ia 4500
100
_a
Dukkipali/ Rao/V
942
_c
BK
654
_a
computer aided analysis
245
_a
Computer aided analysis & Design of Machine Elements
260
_b
New age
_c
2000
082
_a
620.0042
_b
DUK/RA
300
_a
467
546
_a
ENGLISH
999
_c
21024
_d
21024